000 00478nam a2200205Ia 4500
008 210210b2017 xxu||||| |||| 00| 0 eng d
020 _a9789385827617
041 _aeng
082 _a954.025 COLG
100 _aCOLLIER (Dirk)
245 _aGreat mughals and their India
260 _aAustralia
_bHay House India
_c2017
300 _a400
650 _atheir
650 _amughals
650 _aIndia
650 _aGreat
690 _aIndian History
906 _a071549
999 _c121278
_d121278